| 000 | 00509nam a22001817a 4500 | ||
|---|---|---|---|
| 003 | CEME | ||
| 005 | 20210628202343.0 | ||
| 008 | 210127b xxu||||| |||| 00| 0 eng d | ||
| 020 | _a0-471-38814-9 | ||
| 040 | _c. | ||
| 082 | _a670.42 SCH | ||
| 100 |
_aSchroeder, Roger G:Flynn, Barbara B _959509 |
||
| 245 | _aHigh performance manufacturing;global perspectives | ||
| 260 |
_aNEW YORK _bJOHN WILEY & SONS _c2001 |
||
| 300 | _aXI,308P | ||
| 650 |
_aHIGH PERFORMANCE MANUFACTURING _959510 |
||
| 942 |
_cBK _2ddc |
||
| 999 |
_c569471 _d569471 |
||